[Event "RUS-chT Premier League 2018"]
[Site "Sochi"]
[Date "2018.05.07"]
[Round "6"]
[White "Timofeev, Artyom"]
[Black "Skatchkov, Valery"]
[Result "1/2-1/2"]
[WhiteElo "2579"]
[BlackElo "2338"]
[Annotator "TA"]
[PlyCount "109"]
[EventDate "2018.??.??"]
[EventCountry "RUS"]
[SourceTitle "playchess.com"]
[Source "ChessBase"]
[SourceQuality "1"]

{[%evp 16,109,28,20,20,22,40,25,23,17,11,9,9,9,8,8,17,7,7,7,8,7,8,9,9,9,8,7,6,5,8,10,8,8,8,8,8,8,10,8,8,8,8,8,8,8,8,4,9,9,17,16,20,21,21,20,21,22,27,19,20,20,20,20,20,8,27,20,35,35,35,42,413,400,383,375,351,323,216,27,27,0,0,0,8,0,0,0,0,0,0,-8,-8,-8,-8,-8]} 1. e4 e5 2. Nf3 Nf6 3. Nxe5 d6 4. Nf3 Nxe4 5. Bd3 Nf6 6. O-O {C42: Petroff Defence: 3 Nxe5 and unusual White 3rd moves} Be7 7. c3 O-O 8. Bc2 Bg4 (8... c5 9. d4 Be6 10. Bg5 Nbd7 11. Nbd2 h6 12. Bh4 Re8 13. Re1 Qb6 {1-0 (53) Grischuk,A (2772)-Yu,Y (2751) Huaian 2017}) 9. d4 {LiveBook: 15 Games} d5 10. Qd3 Ne4 11. Qe3 $146 ({Predecessor:} 11. Ne5 Bf5 12. Qe2 Nd7 13. f3 Nd6 {1-0 (50) Gonzalez Pruneda,A (2257)-Mujika Lizaso,J Logrono 2003}) 11... Bf5 12. c4 c6 13. cxd5 cxd5 14. Nc3 {[%cal Rc3e4]} Re8 15. Nxe4 dxe4 16. Bxe4 Bd6 17. Ne5 Bxe5 18. dxe5 Rxe5 19. Qf4 Rxe4 20. Qxf5 Qe8 21. Bd2 Nc6 22. Rfe1 Re5 (22... Re7 {keeps more tension.} 23. Bc3 f6 24. Rxe7 Nxe7 25. Qf3 Qc6) 23. Rxe5 Qxe5 24. Qxe5 Nxe5 $11 {[%mdl 4096] Endgame KRB-KRN} 25. Bc3 Nc6 26. Rd1 f6 27. Kf1 Rd8 28. Rxd8+ Nxd8 {KB-KN} 29. Ke2 Kf7 30. Kd3 Ke6 31. Kc4 Kd6 32. a4 Ne6 33. Bd2 Kc6 34. b4 a6 35. b5+ axb5+ 36. axb5+ Kd6 37. f4 g6 38. g3 Nc7 39. Bb4+ Kd7 40. Kc5 h5 41. Ba3 Ne8 42. Kb6 Kc8 43. Bb2 Kb8 $2 {[%mdl 8192] [#]} (43... g5 $1 $14) 44. Kc5 $1 $18 Kc8 45. b6 Kd7 {[#]} 46. Kd5 $1 g5 47. fxg5 $2 (47. Bc3 $18) 47... fxg5 $11 48. Ke5 {Kf5 is the strong threat.} Nd6 {White must now prevent ...Nc4+.The position is equal.} 49. Kf6 g4 50. Kg5 Nc4 51. Bc3 Ke6 52. Kxh5 Kf5 53. Kh4 Nxb6 {Strongly threatening ...Nd5.} 54. h3 gxh3 55. Kxh3 {Precision: White = 68%, Black = 54%.} 1/2-1/2

[Event "RUS-chT Premier League 2018"]
[Site "Sochi"]
[Date "2018.05.07"]
[Round "6"]
[White "Maletin, Pavel"]
[Black "Stupak, Kirill"]
[Result "1/2-1/2"]
[WhiteElo "2572"]
[BlackElo "2556"]
[Annotator "TA"]
[PlyCount "81"]
[EventDate "2018.??.??"]
[EventCountry "RUS"]
[SourceTitle "playchess.com"]
[Source "ChessBase"]
[SourceQuality "1"]

{[%evp 26,81,35,29,37,34,37,47,55,16,22,14,16,19,31,14,16,16,19,23,15,10,16,8,8,0,0,0,0,0,0,0,0,0,0,0,0,0,0,0,0,0,0,0,0,0,0,0,0,0,0,0,0,0,0,0,0,0]} 1. Nf3 d5 2. d4 c5 3. c4 cxd4 4. cxd5 Nf6 5. Qxd4 Qxd5 6. Nc3 Qxd4 7. Nxd4 a6 8. g3 e5 9. Nb3 Bd7 {D06: Queen's Gambit: Symmetrical and Baltic Defences} 10. Bg2 Bc6 11. O-O Bxg2 12. Kxg2 Bb4 (12... Nc6 13. Bg5 Nd7 14. Nd5 Bd6 15. Nd2 Rc8 16. Nc4 Bc5 17. Be3 {½-½ (61) Tomashevsky,E (2758)-Durarbayli,V (2618) Skopje 2015}) 13. Bd2 Nc6 14. a3 {LiveBook: 4 Games} Bxc3 15. Bxc3 Nd5 16. Rac1 Ke7 {[#]} 17. e4 $146 (17. Bd2 {keeps more tension.} Rhd8 18. Nc5 Rab8 19. e4 Nc7 20. Be3) ({Predecessor:} 17. Bd2) 17... Nxc3 18. Rxc3 Rhd8 19. Nc5 b5 20. Nb7 Rd7 21. Rxc6 Rxb7 $11 {[%mdl 4096] Endgame KRR-KRR} 22. Rfc1 Rd7 23. R1c5 {The position is equal.} f6 24. Rb6 Raa7 25. Rcc6 Rd3 26. Rxa6 Rxa6 27. Rxa6 {KR-KR} Rb3 $1 28. Ra7+ Kf8 29. Rb7 Rxb2 30. a4 b4 31. a5 {[#] a6 is the strong threat.} Ra2 32. Rxb4 Rxa5 33. Rb7 Ra4 34. Kf3 h5 35. h4 Ra3+ 36. Ke2 Ra2+ 37. Ke3 Ra3+ 38. Ke2 Ra2+ 39. Ke3 Ra3+ 40. Ke2 Ra2+ 41. Ke3 {Precision: White = 55%, Black = 94%.} 1/2-1/2

[Event "RUS-chT Premier League 2018"]
[Site "Sochi"]
[Date "2018.05.07"]
[Round "6"]
[White "Yuffa, Daniil"]
[Black "Tsydypov, Zhamsaran"]
[Result "1-0"]
[WhiteElo "2566"]
[BlackElo "2525"]
[Annotator "TA"]
[PlyCount "60"]
[EventDate "2018.??.??"]
[EventCountry "RUS"]
[SourceTitle "playchess.com"]
[Source "ChessBase"]
[SourceQuality "1"]

{[%evp 17,60,41,37,36,35,7,19,0,0,0,0,0,0,0,41,41,41,40,40,36,50,39,58,39,223,213,255,254,254,261,263,246,246,251,345,332,370,371,385,381,382,385,442,425,430]} 1. d4 Nf6 2. c4 g6 3. Nc3 d5 4. Bg5 Bg7 5. Bxf6 Bxf6 6. cxd5 c6 7. e4 {D80: Grünfeld: Unusual White 4th moves and 4 Bg5} Qb6 8. e5 Qxb2 9. Nge2 Bg7 $1 {LiveBook: 4 Games} 10. g3 O-O 11. Bg2 cxd5 12. Nxd5 $146 ({Predecessor:} 12. Rb1 Qa3 13. Nxd5 Nc6 14. O-O Bg4 15. Rxb7 {0-1 (38) Eljanov,P (2729)-Kurnosov,I (2666) Austria 2009}) 12... Nc6 13. Qc1 Qb5 14. Rb1 Qa6 15. Qd2 $36 {[%mdl 2048] [#] Black must now prevent Nc7. White is pushing.} Bg4 16. Nc7 Qxe2+ $1 17. Qxe2 Bxe2 18. Bxc6 $1 Bd3 19. Rxb7 Rad8 $1 20. Nd5 {[#] Kd2 is the strong threat.} e6 $2 (20... Bc4 $14 21. Nxe7+ Kh8) 21. Kd2 $18 Bf5 22. Ne7+ Kh8 23. Nxf5 gxf5 24. Ke3 Rc8 25. Rc1 f4+ 26. gxf4 Bh6 27. Rc2 a5 28. Be4 Rxc2 29. Bxc2 Rc8 30. Bb3 Kg8 {Precision: White = 89%, Black = 35%.} 1-0

[Event "RUS-chT Premier League 2018"]
[Site "Sochi"]
[Date "2018.05.07"]
[Round "6"]
[White "Lomasov, Semen"]
[Black "Khanin, Semen"]
[Result "0-1"]
[WhiteElo "2559"]
[BlackElo "2477"]
[Annotator "TA"]
[PlyCount "104"]
[EventDate "2018.??.??"]
[EventCountry "RUS"]
[SourceTitle "playchess.com"]
[Source "ChessBase"]
[SourceQuality "1"]

{[%evp 20,104,12,7,28,-30,-30,-17,14,-22,0,-34,0,0,0,-18,0,0,0,-11,-6,-8,-8,-8,0,4,0,0,0,-10,-8,-14,-6,-12,56,48,55,38,57,0,0,2,12,15,16,21,22,0,0,-254,0,-7,-7,-10,0,0,0,0,0,-893,-693,-858,-839,-759,-711,-454,-371,-2004,-2014,-1924,-1262,-12836,-12836,-12837,-12837,-12841,-12842,-12842,-12842,-12844,-12844,-12845,-12845,-12845,-12846,-12846,-12847]} 1. e4 e5 2. Nf3 Nf6 3. Nxe5 d6 4. Nf3 Nxe4 5. Nc3 Nxc3 6. dxc3 Be7 7. Be3 O-O 8. Qd2 {C42: Petroff Defence: 3 Nxe5 and unusual White 3rd moves} Nd7 {[%cal Bb8d7,Bd7f6,Bf6g4][%mdl 32]} 9. O-O-O c6 10. Kb1 d5 11. h4 {LiveBook: 4 Games} Bc5 12. h5 $146 (12. c4 $142) ({Predecessor:} 12. Bd3 Bxe3 13. Qxe3 Nf6 14. Rde1 Qb6 15. Qxb6 axb6 {½-½ (40) So,W (2810)-Jobava,B (2687) Tbilisi 2017}) 12... Bxe3 $11 13. Qxe3 Nf6 14. Bd3 h6 15. Qf4 Ng4 16. Nd4 Qg5 17. Qg3 Qe5 18. Qxe5 Nxe5 19. Bf5 Bxf5 20. Nxf5 Ng4 21. Rd2 Rfe8 22. Nd6 $36 {[%mdl 2048] White has good play.} Re7 23. f3 Nf6 24. Kc1 g6 25. hxg6 fxg6 26. c4 $1 (26. Rxh6 Kg7 $17) 26... Rd7 (26... Rd8 $11 27. Ne4 Nxe4 28. fxe4 Rxe4) 27. c5 $14 b6 28. b4 $1 a5 29. Re1 (29. Re2 $14) 29... axb4 $11 30. Re6 bxc5 31. Rxf6 Kg7 32. Re6 Rxa2 33. Ne8+ Kf8 {Threatens to win with ...Ra1+.} 34. Rxc6 $2 {[%mdl 8192]} (34. Rde2 $11 {and White has nothing to worry.}) 34... c4 $2 (34... Kxe8 35. Rxc5 Re7 36. Rdxd5 $11) (34... Re7 $1 $19 {[%cal Re7e1] ...Re1+ is the strong threat.} 35. Rxd5 b3 36. cxb3 Re1+ 37. Rd1 Ra1+ 38. Kc2 Raxd1) 35. Rxc4 (35. Nf6 Ra1+ 36. Kb2 Rda7 $19) 35... dxc4 36. Rxd7 {[%mdl 4096] Endgame Black must now prevent Nc7. KRN-KR} c3 {[%cal Ra2a1]} 37. Kb1 Rb2+ ({Not} 37... Kxe8 $2 38. Kxa2 Kxd7 39. Kb3 $18) 38. Kc1 {Strongly threatening Nc7.} Kxe8 {KR-KR} 39. Rg7 $2 {[%mdl 8192]} (39. Rb7 $11) 39... Ra2 $19 {[%cal Ra2a1]} 40. Kb1 {[#]} b3 $1 {[%mdl 512]} 41. cxb3 Rxg2 42. Kc1 h5 {[%cal Bh6h5,Bh5h4][%mdl 32]} 43. b4 $2 (43. f4 Kf8 44. Rc7) 43... h4 {Black is clearly winning.} 44. b5 Kd8 45. b6 {[#]} Kc8 $1 46. Rh7 g5 {[%cal Bg6g5,Bg5f4,Bf4f3][%mdl 32]} 47. f4 gxf4 48. Rc7+ Kb8 49. Rxc3 Rg3 50. Rc7 h3 51. Rh7 {[#]} f3 $1 {[%cal Rf3f2] ( -> ...f2)} 52. Kd2 Rg2+ {Precision: White = 44%, Black = 60%.} 0-1

[Event "RUS-chT Premier League 2018"]
[Site "Sochi"]
[Date "2018.05.07"]
[Round "6"]
[White "Bocharov, Ivan"]
[Black "Antipov, Mikhail Al."]
[Result "1-0"]
[WhiteElo "2547"]
[BlackElo "2597"]
[Annotator "TA"]
[PlyCount "67"]
[EventDate "2018.??.??"]
[EventCountry "RUS"]
[SourceTitle "playchess.com"]
[Source "ChessBase"]
[SourceQuality "1"]

{[%evp 15,67,16,31,-29,4,24,0,2,13,-94,22,12,108,106,104,97,6,0,102,45,101,6,31,36,144,154,314,316,356,118,110,120,139,0,187,135,237,142,133,162,489,475,469,470,784,169,266,265,271,252,12830,12829,12829,12811]} 1. e4 e6 2. d4 d5 3. Nd2 h6 (3... c5 4. exd5 Qxd5 5. Ngf3 cxd4 6. Bc4 Qd8 7. O-O Nc6 8. Nb3 a6 9. Nbxd4 Nxd4 10. Nxd4 Qc7 11. Bd3 Nf6 12. Re1 Bd6 13. h3 O-O 14. Bg5 Be5 15. c3 h6 16. Nf3 Bxc3 {1-0 (51) Mamedov,R (2709)-Le,Q (2737) Huaian 2017}) 4. Ngf3 Nf6 5. e5 Nfd7 6. Bd3 {C03: French Tarrasch: Unusual Black 3rd moves} c5 7. c3 Nc6 8. O-O g5 {[%cal Bg7g5,Bg5g4][%mdl 32] LiveBook: 57 Games} 9. c4 (9. b3 $14) 9... g4 10. cxd5 exd5 11. e6 $1 {[%cal Re6d7]} fxe6 12. Bg6+ Ke7 13. Nh4 cxd4 $146 (13... Kd6 $1 $11 {remains equal.} 14. Qxg4 Kc7) ({Predecessor:} 13... Nxd4 14. b4 Bg7 15. bxc5 Nxc5 {0-1 (31) Gruettner,R (2102)-Kummerow,H (2350) Bad Wiessee 2009}) 14. Qxg4 $16 Nde5 15. Qh5 $1 $36 {[%mdl 3072] White has strong compensation. Black is under strong pressure.} Kd6 16. f4 Nd7 (16... Nxg6 $11 {keeps the balance.} 17. Nxg6 Qe8) 17. Bd3 (17. Re1 $6 Kc7 $15) (17. b4 $1 $16) 17... Bg7 ({Black should try} 17... Kc7 $14) 18. Re1 (18. Ng6 $16) 18... Nc5 19. Bb5 Nb4 (19... Kc7 $14) 20. f5 {Nc4+! is the strong threat.} Ncd3 $2 {[#]} (20... e5 $16 {might work better.}) 21. fxe6 $3 $18 {[%mdl 512]} Nxe1 (21... Bxe6 22. Rxe6+) 22. Nf5+ $2 (22. Nb3 $1 $18 {Bf4+ would kill now.} Rf8 23. Nf5+ Rxf5 24. Qxf5) 22... Kc5 $16 23. e7 Qc7 {Hoping for ...Bxf5.} 24. Qg6 ({Only move:} 24. Nb3+ $16 Kxb5 25. e8=Q+ Rxe8 26. Qxe8+ Kc4 27. Nd2+ Kc5 28. Nb3+ Kc4 29. Nxg7) 24... Nc6 $2 {[#]} (24... Kxb5 25. a4+ Kc5 26. Nb3+ Kc4 27. Nd6+ Qxd6 28. Qxd6 $18) (24... Bxf5 $11 {and Black has nothing to worry.} 25. Nb3+ Kxb5 26. a4+ Kc4 27. Nd2+ Kc5 28. Nb3+ Kc4 29. Nd2+ Kc5 30. Nb3+ Kc4) 25. Nxg7 ({White should play} 25. b4+ $1 $18 {[%mdl 512]} Kxb5 (25... Kxb4 26. Rb1+) 26. a4+ Ka6 27. Nxg7 Qxe7 28. b5+ Kb6 29. bxc6 bxc6 30. Rb1+ Kc7 31. Nb3 Nf3+ 32. gxf3 Qe1+ 33. Kg2 Qe2+ 34. Kg1 Qe1+ 35. Kg2 Qe2+ 36. Kg3 Qe1+ 37. Kg2) 25... Kxb5 (25... Qxe7 $16 26. Bxc6 bxc6 27. Nb3+ Kb6) 26. e8=Q (26. a4+ $1 $18 Kb6 27. e8=Q Rxe8 28. Nxe8) 26... Rxe8 27. Nxe8 Qe7 $2 (27... Qf4 $2 28. Nb3 $18) (27... Qe5 {is a better chance.}) 28. a4+ $1 $18 Ka6 {[#]} 29. b4 $1 {[%cal Bb2b4,Bb4b5,Bb5c6,Bc6b7][%mdl 32] Strongly threatening b5+.} Bh3 {[#]} (29... Bf5 $142 30. b5+ (30. Qxf5 Nxb4 31. Qe6+ Qxe6 $18) 30... Kb6 31. Qxf5 Rxe8) 30. gxh3 $2 ({Not} 30. b5+ Kb6 $16) (30. Nc7+ $1 {[%mdl 512]} Qxc7 31. b5+ (31. gxh3 b6 $18) 31... Ka5 32. Nb3+ Kb6 33. Bd2 Nf3+ 34. gxf3) 30... Rxe8 (30... Qe3+ {is a better defense.} 31. Kh1 Qxe8 32. b5+ Kb6) 31. b5+ Kb6 32. bxc6 Rf8 $2 (32... bxc6 33. Rb1+ Kc7) 33. Rb1+ Ka5 34. cxb7 {Precision: White = 56%, Black = 20%.} 1-0

[Event "RUS-chT Premier League 2018"]
[Site "Sochi"]
[Date "2018.05.07"]
[Round "6"]
[White "Lobanov, Sergei"]
[Black "Malakhov, Vladimir"]
[Result "1-0"]
[WhiteElo "2515"]
[BlackElo "2691"]
[Annotator "TA"]
[PlyCount "115"]
[EventDate "2018.??.??"]
[EventCountry "RUS"]
[SourceTitle "playchess.com"]
[Source "ChessBase"]
[SourceQuality "1"]

{[%evp 27,115,0,0,0,17,16,2,13,20,13,25,10,12,16,29,20,50,57,45,45,60,39,50,22,24,33,26,0,0,0,0,0,28,27,31,31,31,32,30,30,52,58,22,33,32,41,67,48,91,76,91,91,91,91,91,91,91,91,91,91,85,95,82,90,87,67,294,283,497,497,489,471,1412,458,1551,1383,2500,1487,1509,591,1187,1218,700,447,5626,5320,29973,29972,29970,29972]} 1. e4 e5 2. Nf3 Nc6 3. Bc4 Bc5 4. c3 Nf6 5. d4 exd4 6. e5 d5 7. Bb5 Ne4 8. cxd4 Bb6 9. Nc3 O-O 10. Be3 {C54: Giuoco Piano: 4 c3 Nf6, main lines with 5 d4 and 5 d3} Bg4 11. h3 Bh5 12. Qc2 Bg6 13. Qb3 Ne7 14. O-O c6 {LiveBook: 10 Games} 15. Bd3 Nd2 16. Nxd2 {[#] And now Ne2 would win.} Bxd3 17. Rfe1 Bg6 {[#]} 18. Na4 $146 Nf5 19. Qc3 f6 20. Nxb6 Qxb6 21. Nf3 Nxe3 22. Rxe3 Rae8 23. Rae1 Qd8 24. exf6 gxf6 25. Nh4 Rxe3 26. Rxe3 Re8 27. Rg3 Kf7 28. Qd2 Re4 29. Qh6 {[%cal Rh4g6]} Qg8 30. Rb3 b6 31. Ra3 $36 {[%mdl 2048] Black is under pressure.} a5 32. Rc3 Qg7 33. Qxg7+ Kxg7 34. Nxg6 Kxg6 35. Rxc6 Rxd4 36. Rxb6 $11 {[%mdl 4096] Endgame KR-KR} Rd1+ 37. Kh2 d4 38. Kg3 d3 39. Kf3 Ra1 40. Ke3 Rxa2 41. Kxd3 a4 42. Kc2 {[#] Black must now prevent Kb1.} Ra1 43. Rb4 a3 44. Rg4+ Kf5 45. b4 h5 46. Rc4 Ra2+ $2 ({Black should try} 46... a2 $14 47. g4+ hxg4 48. hxg4+ Ke5) 47. Kb3 $18 Rxf2 $2 (47... Ra1 48. Rc5+ Ke6 49. Rxh5 a2) 48. Rc2 Rf1 ({Don't play} 48... Rxc2 49. Kxc2 Ke5 50. Kb3) 49. Kxa3 Ke6 (49... Ke4 $142 50. b5 Rb1) 50. Rd2 (50. b5 $142 f5 51. Ka4) 50... f5 (50... Ra1+ $142 51. Kb3 Rg1) 51. b5 f4 52. Kb4 Rb1+ 53. Kc5 (53. Ka5 $142 Ra1+ 54. Kb6) 53... Rc1+ 54. Kb6 f3 55. gxf3 Rh1 (55... Rc3 $142 56. Rd4 Kf6 57. Rd6+ Ke7) 56. Kc7 Rxh3 57. b6 Rxf3 58. Rd6+ {Precision: White = 76%, Black = 55%.} 1-0

[Event "RUS-chT Premier League 2018"]
[Site "Sochi"]
[Date "2018.05.07"]
[Round "6"]
[White "Triapishko, Alexandr"]
[Black "Rodshtein, Maxim"]
[Result "1/2-1/2"]
[WhiteElo "2510"]
[BlackElo "2678"]
[Annotator "TA"]
[PlyCount "97"]
[EventDate "2018.??.??"]
[EventCountry "RUS"]
[SourceTitle "playchess.com"]
[Source "ChessBase"]
[SourceQuality "1"]

{[%evp 21,97,25,16,11,26,15,35,8,13,0,7,-7,8,6,16,6,6,0,0,0,0,0,0,0,0,0,0,0,0,0,0,0,0,0,0,0,0,0,0,0,0,-35,0,-35,-35,-35,-35,-35,0,-35,-18,-18,-15,-36,0,-2,-2,-83,-83,-83,-15,-83,-76,-83,-83,-83,0,0,0,-8,-8,-8,0,0,0,0,0,0]} 1. Nf3 d5 2. g3 g6 3. Bg2 Bg7 4. d4 c6 5. O-O Nf6 6. b3 O-O 7. Bb2 Bf5 8. c4 Re8 9. Nc3 {D78: Fianchetto Grünfeld: 6 0-0 c6} Ne4 10. Rc1 (10. e3 Nd7 11. Qe2 Qa5 12. Rac1 Nxc3 13. Bxc3 Qa6 14. Rfe1 dxc4 15. Qxc4 Qxc4 16. bxc4 {½-½ (30) Bu,X (2681)-Li,C (2619) Xinghua 2010}) 10... Nxc3 11. Bxc3 Be4 {LiveBook: 4 Games} 12. Qd2 Nd7 13. cxd5 $146 ({Predecessor:} 13. Rfd1 a5 14. Bh3 Bxf3 15. exf3 e6 16. cxd5 cxd5 {0-1 (68) Giorgadze,G (2565)-Sakaev,K (2555) Moscow 1994}) 13... cxd5 14. Ba5 b6 15. Bb4 a5 16. Ba3 b5 17. Qf4 h6 18. Ne5 Nxe5 19. Bxe4 dxe4 20. dxe5 Qd4 21. Rfd1 Qxe5 22. Qxe5 Bxe5 23. Rd5 f6 {[#] ...b4 is the strong threat.} 24. Rxb5 a4 25. Rc4 axb3 26. Rxb3 f5 27. Bb2 Bxb2 (27... Bd6 {is more complex.} 28. a4 Kf7 29. Bc1 Rec8 30. Rxc8 Rxc8 31. Bxh6 Ra8) 28. Rxb2 $11 {[%mdl 4096] Endgame KRR-KRR} Ra3 29. e3 Kf7 30. h4 Rea8 31. Rcc2 e6 32. Kg2 Kf6 33. Kf1 R3a6 34. Kg2 Ra3 35. Kf1 g5 36. hxg5+ hxg5 37. Kg2 R3a7 38. Rc6 Rxa2 39. Rxa2 (39. Rbb6 $11 {remains equal.}) 39... Rxa2 {KR-KR} 40. Kf1 Ra7 ({Better is} 40... Rd2 $17 41. Ke1 Ra2) 41. Kg2 (41. g4 $1 $11) 41... Ra5 42. Rb6 Ke5 43. Rb8 f4 (43... g4 $17 44. Kf1 Ra1+ 45. Ke2 Ra2+ 46. Ke1 Kf6) 44. gxf4+ {The position is equal.} gxf4 45. exf4+ Kxf4 46. Rb4 e5 47. Kf1 Ra1+ 48. Ke2 Ra2+ 49. Ke1 {Precision: White = 55%, Black = 37%.} 1/2-1/2

[Event "RUS-chT Premier League 2018"]
[Site "Sochi"]
[Date "2018.05.07"]
[Round "6"]
[White "Hasangatin, Ramil"]
[Black "Pogorelskikh, Sergey"]
[Result "1-0"]
[WhiteElo "2502"]
[BlackElo "2142"]
[Annotator "TA"]
[PlyCount "67"]
[EventDate "2018.??.??"]
[EventCountry "RUS"]
[SourceTitle "playchess.com"]
[Source "ChessBase"]
[SourceQuality "1"]

{[%evp 13,67,25,33,22,35,13,18,10,16,16,22,15,17,25,14,0,0,3,0,-18,-14,-18,-22,-29,-9,-31,-9,-9,0,0,0,-10,0,0,0,0,59,69,73,64,72,82,210,200,208,173,297,293,302,291,525,533,459,455,1208,1208]} 1. Nf3 Nf6 2. c4 g6 3. b4 Bg7 4. Bb2 O-O 5. e3 c6 6. Be2 d5 7. O-O Bg4 {LiveBook: 4 Games} 8. Qb3 {A15: English Opening: 1...Nf6} (8. Na3 Nbd7 9. h3 Bxf3 10. Bxf3 Qb8 11. Rb1 a6 12. Qb3 e6 13. Rfd1 Rc8 14. Be2 Qd6 15. Nc2 Ne5 {1-0 (51) Morovic Fernandez,I (2560)-Leyva Rivera,Y (2408) Havana 2013}) 8... Nbd7 {[%cal Bb8d7,Bd7b6,Bb6c4][%mdl 32]} 9. h3 dxc4 10. Qxc4 {The position is equal.} Nb6 11. Qc2 Bxf3 12. Bxf3 a5 $146 ({Predecessor:} 12... Qd6 13. a3 e5 {1-0 (39) Vernacki,S (2324)-Brnas,A (2203) Mali Losinj 2017}) 13. bxa5 Rxa5 14. Nc3 Nc4 15. Bc1 Nd5 16. Bxd5 cxd5 17. Rb1 Qd7 18. Rb4 e6 19. Qb3 Nd6 20. Bb2 b5 21. Rb1 Rc8 22. d3 Rca8 23. a3 h5 24. Rc1 Bf8 {[#]} (24... Qd8 $11) 25. Nxd5 $1 $14 {[%mdl 512]} exd5 26. Qc3 {[%csl Gb2][%cal Rc3h8]} f6 27. Qxf6 Bg7 (27... Qg7 $16) 28. Qxg6 $18 {Strongly threatening Bxg7.} Ne8 {[#]} 29. Rc6 $1 $40 {[%mdl 128] aiming for Rf4. White wants a kill.} Rc8 (29... Qf7 $142) 30. Rxc8 Qxc8 31. Rf4 {Qf7+ would kill now.} ({Inferior is} 31. Qxh5 Bxb2 32. Rxb2 (32. Qxd5+ Kf8 $15) 32... Qc1+ 33. Kh2 Qxb2 $11) 31... Ra6 $2 (31... Ra7 32. a4 b4 33. Rxb4 Rf7) 32. Qf7+ {White is clearly winning.} Kh7 33. Rf5 Rh6 (33... d4 $142 34. Rg5 (34. Bxd4 Qc1+ 35. Kh2 Qc7+ 36. Qxc7 Nxc7 $16) 34... Qd8) 34. Rg5 {Precision: White = 71%, Black = 31%.} 1-0

[Event "RUS-chT Premier League 2018"]
[Site "Sochi"]
[Date "2018.05.07"]
[Round "6"]
[White "Palchun, Grigory"]
[Black "Bologan, Victor"]
[Result "1-0"]
[WhiteElo "2454"]
[BlackElo "2610"]
[Annotator "TA"]
[PlyCount "99"]
[EventDate "2018.??.??"]
[EventCountry "RUS"]
[SourceTitle "playchess.com"]
[Source "ChessBase"]
[SourceQuality "1"]

{[%evp 19,99,-32,-32,-29,-28,-37,-35,-53,-47,-52,-14,-46,37,28,23,22,16,25,14,0,0,0,0,0,49,40,40,40,41,39,39,39,39,33,41,39,32,29,39,39,39,39,50,39,83,79,150,168,245,225,233,175,185,165,233,174,162,144,144,182,153,89,139,139,206,187,187,187,187,189,183,181,180,101,241,227,262,149,370,322,675,344]} 1. d4 d5 2. Bf4 c5 3. e3 Nc6 4. c3 Nf6 5. Nd2 Bf5 6. Ngf3 {D00: 1 d4 d5: Unusual lines} Qb6 (6... e6 7. Be2 Bd6 8. dxc5 Bxc5 9. Nd4 Bg6 10. Qa4 O-O 11. Nxc6 bxc6 12. Qxc6 Rc8 13. Qa4 Re8 14. O-O e5 {0-1 (57) Le,Q (2737)-Ding,L (2777) Riadh 2017}) 7. Qb3 c4 8. Qxb6 axb6 9. a3 b5 10. Rc1 h6 {LiveBook: 8 Games} 11. h3 Nd7 12. g4 Bh7 13. Bg2 $146 f6 14. Bh2 e5 15. Nh4 exd4 ({Black should try} 15... Nb6 $15) 16. exd4 $14 Nb6 17. O-O $36 {[%mdl 2048] White is more active.} O-O-O 18. Nf5 h5 19. Rfe1 (19. Ne3 {feels hotter.} Bd3 20. Rfe1 g6 21. Bg3 Be7 22. Nf3) 19... hxg4 $1 20. hxg4 Bxf5 $1 21. gxf5 Bd6 22. Bxd6 Rxd6 23. Nf1 Kd8 24. Ng3 Ne7 25. Bf3 Nbc8 26. Kg2 Kc7 27. Bg4 Rdd8 28. Rh1 Nd6 29. Rce1 Kd7 30. Nh5 Nf7 31. Re3 ({Of course not} 31. Nxg7 Rdg8 $17) 31... Nh6 32. Bh3 Rhg8 (32... Nf7 $142 33. Rhe1 (33. Nxg7 Rdg8 $14) 33... Nc6 34. Nxg7 Rdg8) 33. Rg3 $1 $16 Ke8 (33... Nf7 {keeps fighting.} 34. Re1 (34. Nxg7 Nd6 $16) 34... Nd6 35. Nxg7 Ne4) 34. Nxg7+ $18 Kf7 35. Ne6 {aiming for Bg4.} Rb8 36. Kf3 Nexf5 (36... Nhxf5 {was worth a try.} 37. Bxf5 Nxf5 38. Rxg8 Rxg8) 37. Bxf5 Nxf5 38. Rxg8 Rxg8 {[%mdl 4096] Endgame KRN-KRN} 39. Nc7 Rd8 40. Nxb5 (40. Rh5 $142 Kg6 41. Ne6 Kxh5 42. Nxd8) 40... Kg6 41. Nc7 Rd6 (41... Ne7 $16 {was necessary.} 42. Ne6 Rd6) 42. Kf4 Ne7 43. Rg1+ Kf7 {[#]} 44. Rg7+ $1 Kf8 {intending ...Rc6.} 45. Rh7 Rc6 {[#]} 46. Nb5 (46. Na8 $1 $18) 46... Rb6 (46... Ke8 $16) 47. a4 Ra6 48. Kg4 ({White should play} 48. a5 $18) 48... Rxa4 $2 (48... Rc6 $16 {is a better defense.} 49. Rh8+ Ng8) 49. Nd6 {Rf7+ is the strong threat.} Ra2 $2 (49... Ra6) 50. Rf7+ {Precision: White = 73%, Black = 38%.} 1-0